| 000 | 00800nam1a22002171i 4500 | ||
|---|---|---|---|
| 001 | rc\86868 | ||
| 005 | 20240726010223.0 | ||
| 035 | _a(NLR Aleph) 005391538 | ||
| 090 |
_a7191180 _c7191180 |
||
| 100 | _a20021216g19969999u |0rusy50 ca | ||
| 101 | 0 | _arus | |
| 102 | _aRU | ||
| 105 | _ay ||||||||| | ||
| 200 | 1 |
_aПолитология _eКурс лекций _fЮ.Н. Дорожкин, Э.С. Гареев, Р.В. Габдулханов и др. _gПод общ. ред. Ю.Н. Дорожкина, А.А. Ахмадеева _gУфим. гос. нефтяной техн. ун-т |
|
| 210 |
_aУфа _cУГНТУ _d1996- |
||
| 215 | _d21 | ||
| 701 | 1 |
_aДорожкин _bЮ.Н. _gЮрий Николаевич |
|
| 801 | 0 |
_aRU _bNLR _gpsbo |
|
| 801 | 1 |
_aRU _bELAR _2rusmarc |
|
| 852 |
_aNLR _j97-3/3861 |
||
| 942 | _cBOOK | ||